000 00541 a2200181 4500
003 Nust
005 20230321113519.0
020 _a0070415943
040 _cNust
082 _a657,MEI
100 _aWalter, B.Meigs
_9110800
245 _aPractice set 1emory restaurant supply for use with accounting the basis for business decisions Book 2 /
_cWalter B.Meigs, Robert F. Meigs
250 _a6th edition
260 _aUSA
_bMcGraw-hill pub
_c1984
300 _a16p
650 _aaccounting the basis for business
_9110801
942 _2ddc
_cBK
999 _c214788
_d214788